| 000 | 01094 a2200241 4500 | ||
|---|---|---|---|
| 005 | 20080917145726.0 | ||
| 008 | 080917t xxu||||| |||| 00| 0 hin d | ||
| 010 | _aHIN-81755 | ||
| 020 |
_a9788187568148 _c158.00 |
||
| 035 | _aHN-54101 | ||
| 037 | _bपु.प्र.अ.प्र/प्रका | ||
| 082 | _a827 | ||
| 100 | _aदाहिया, के. | ||
| 245 |
_aडरपोरशंखः58 व्यंग्य संग्रह/ _cके.दाहिया |
||
| 246 |
_aDapoorshankh _bby K.Dahiya |
||
| 260 |
_aइलाहाबाद _bके.के.पब्लिकेशन्स _c2007 |
||
| 270 |
_a618,कटरा _bइलाहाबाद _e211002 _k0532-3202227 |
||
| 300 |
_a124पृ _c22 सेमी (अजिल्द) |
||
| 650 | _aहिन्दी व्यंग्य | ||
| 651 | _aHindi Satire | ||
| 942 |
_adpl _cHN _k827 / दाहिया _2ddc _h827 _mदाहिया |
||
| 999 |
_c8892 _d8892 |
||